| 000 | 00691nam a2200205Ia 4500 | ||
|---|---|---|---|
| 003 | GCL | ||
| 008 | 140319s9999 xx 000 0 ara d | ||
| 040 |
_aGCL / _cGCL |
||
| 082 | 0 | 4 |
_a362.042 _bس ظ |
| 100 | 1 | _aسعد المغربى | |
| 245 | 1 | 0 |
_aظاهرة تعاطى الحشيش : _bدراسة نفسية اجتماعية / _cسعد المغربى |
| 250 | _aالثانية | ||
| 260 |
_aبيروت : _bدار الراتب الجامعية ، _c1963 |
||
| 300 |
_a494 ص ؛ _c24 سم |
||
| 490 |
_aمكتبة الدراسات النفسية والاجتماعية _v0 |
||
| 650 | 0 | 4 | _aعلم النفس |
| 650 | 0 | 4 | _aالمخدرات |
| 650 | 0 | 4 | _aالحشيش |
| 942 |
_2ddc _cBK |
||
| 999 |
_c39983 _d39983 |
||